| 000 | 00599nam a2200193Ia 4500 | ||
|---|---|---|---|
| 003 | GCL | ||
| 008 | 140319s9999 xx 000 0 ara d | ||
| 040 |
_aGCL / _cGCL |
||
| 082 | 0 | 4 |
_a832 _bب س |
| 100 | 1 | _aعبدالغفار مكاوى | |
| 245 | 1 | 0 |
_aالسيد بونتيلا وتابعه ماتى / _cعبدالغفار مكاوى |
| 700 | 1 | _aبرخت، برتولد | |
| 300 | _a186 ص | ||
| 490 |
_aمسرحيات عالمية _v0 |
||
| 650 | 0 | 4 | _aالادب الالمانى |
| 650 | 0 | 4 | _aالادب الالمانى المترجم |
| 650 | 0 | 4 | _aبرخت, برتولد |
| 942 |
_2ddc _cBK |
||
| 999 |
_c47312 _d47312 |
||